000 00664 a2200205 4500
001 52254
005 20260407155803.0
008 260407a2020 arg spa d
003 AR-UNSa-BCEJYS
040 _aAR-UNSa-BCEJYS
_bspa
_cAR-UNSa-BCEJYS
080 _a349.2(094.5)
_x(Legislación del trabajo (Legislación laboral, contrato de trabajo,procedimiento laboral,riesgo laboral etc.))
245 1 0 _aNuevo régimen de teletrabajo
_pLey 27.555
020 _a978-987-01-2648-5
264 1 _aBuenos Aires :
_bErrepar
_c2020
300 _a170 p.
_c26 cm.
041 _aspa
942 _cBK
590 _aniveau_biblio:m niveau_hierar:0
100 1 _aSegu, Gustavo R.
999 _c5008
_d5008